La educación a distancia en el ambito de la educación superior (Registro nro. 99)

Detalles MARC
000 -LEADER
fixed length control field 01544 a2200253 4500
001 - CONTROL NUMBER
control field 128
005 - DATE AND TIME OF LATEST TRANSACTION
control field 20260407155413.0
008 - FIXED-LENGTH DATA ELEMENTS--GENERAL INFORMATION
fixed length control field 260407a2008 arg spa d
003 - CONTROL NUMBER IDENTIFIER
control field AR-UNSa-BCEJYS
040 ## - CATALOGING SOURCE
Original cataloging agency AR-UNSa-BCEJYS
Language of cataloging spa
Transcribing agency AR-UNSa-BCEJYS
080 ## - UNIVERSAL DECIMAL CLASSIFICATION NUMBER
Universal Decimal Classification number 378.14
Common auxiliary subdivision Organización y estructuración de los estudios( Educación a distancia...)
020 ## - INTERNATIONAL STANDARD BOOK NUMBER
International Standard Book Number 978-987-1527-03-8
041 ## - LANGUAGE CODE
Language code of text/sound track or separate title spa
100 1# - MAIN ENTRY--PERSONAL NAME
Personal name Monserrat Llairó, María de
245 10 - TITLE STATEMENT
Title La educación a distancia en el ambito de la educación superior
Name of part/section of a work Las nuevas tecnologías de información y comunicación (TIC´s)
250 ## - EDITION STATEMENT
Edition statement 1a. ed
264 #1 - PRODUCTION, PUBLICATION, DISTRIBUTION, MANUFACTURE, AND COPYRIGHT NOTICE
Place of production, publication, distribution, manufacture Buenos Aires :
Name of producer, publisher, distributor, manufacturer Croquis
Date of production, publication, distribution, manufacture, or copyright notice 2008
300 ## - PHYSICAL DESCRIPTION
Extent 149 p.
Dimensions 21 cm
505 ## - FORMATTED CONTENTS NOTE
Formatted contents note 1. Modelo integral para el aseguramiento de la calidad en Educación Superior virtual a distancia - 2. Un modelo de Evaluación en los procesos de Educación Superior a distancia en el ámbito de las Ciencias Económicas - 3. Los materiales didácticos y su rol en los procesos de enseñanza y aprendizaje en Educación a distancia - 4. Un espacio común de Educación Superior a distancia (ECOESAD) un proyecto para la conformación de una Universidad Pública Nacional en México - 5. Discusiones y acuerdos federales sobre el nuevo marco para la Educación con modalidad a distancia
590 ## - LOCAL NOTE (RLIN)
Local note niveau_biblio:m niveau_hierar:0
700 1# - ADDED ENTRY--PERSONAL NAME
Personal name Palacio, Priscila
856 41 - ELECTRONIC LOCATION AND ACCESS
Uniform Resource Identifier <a href="https://biblioeco.unsa.edu.ar/pmb/images/libros/La educacion a distancia en el ambito de la educacion superior-l117405.jpg">https://biblioeco.unsa.edu.ar/pmb/images/libros/La educacion a distancia en el ambito de la educacion superior-l117405.jpg</a>
Link text Imagen de portada
Electronic format type image/jpeg
942 ## - ADDED ENTRY ELEMENTS (KOHA)
Koha item type
Existencias
Withdrawn status Lost status Damaged status Not for loan Home library Current library Shelving location Date acquired Total checkouts Full call number Barcode Date last seen Price effective from Koha item type
        Biblioteca Prof. Eusebio Cleto del Rey Biblioteca Prof. Eusebio Cleto del Rey   07/04/2026   378.14 M754 L117405 07/04/2026 07/04/2026 Libro